| 000 | 01011nam0a22003011 4500 | ||
|---|---|---|---|
| 001 | RU\INFOCOMM_322\NLR\5000112124 | ||
| 005 | 20250613104302.0 | ||
| 035 | _a(NLR Aleph) 009490995 | ||
| 090 |
_a8648632 _c8648632 |
||
| 100 | _a20121215d1972 |||y0rusy50 ca | ||
| 101 | 0 | _aeng | |
| 102 | _aRU | ||
| 105 | _ay z ||||| | ||
| 200 | 1 |
_aForward photon-photon scattering and the algebra of bilocal operators _fZ. Kunszt [and] V. M. Ter-Antonyan |
|
| 210 |
_aДубна _d1972 |
||
| 215 |
_a30 с. _cил. _d22 см |
||
| 225 | 1 |
_a[Издания] _fОбъедин. ин-т ядерных исследований _vE2-6257 _fЛаб. теорет. физики |
|
| 320 | _aБиблиогр.: с. 23-24 | ||
| 686 |
_aФз-115 _2rubbk |
||
| 686 |
_a[В319] _2rubbk |
||
| 700 | 1 |
_aKunszt _bZ. |
|
| 701 | 1 |
_9z01790 _aTer-Antonjan _bV. M. |
|
| 790 | 1 |
_9z01701 _aTer-Antonyan _bV. M. _4070 |
|
| 801 | 1 |
_aRU _bInfocomm _c20121215 |
|
| 801 | 0 |
_aRU _bINFOCOMM _gPSBO |
|
| 852 |
_aNLR _jP11/3130 |
||
| 942 | _cBOOK | ||
| 980 | _aNB | ||